000 00639nam a22002177a 4500
999 _c10764
_d10764
003 AR-CdUCM
008 190401b ||||| |||| 00| 0 spa d
040 _aMUNICIPALIDAD PROVINCIAL DEL CUSCO
_cBIBLIOTECA MUNICIPAL DEL CUSCO
082 _aC / 869.56 /
_bY49A
100 _aYépez Miranda, Alfredo
_94230
245 _aLos andes vengadores :
_bnovela /
260 _aCusco :
_bH. G. Rozas Sucs.,
_c1933.
300 _a85 páginas ;
_c21 cm.
505 _aContenido: Novela.
650 _aNovelas Peruanas
_9545
650 _aSiglo XX
_98
650 _aLiteratura
_983
650 _aCusco
_9772
942 _2ddc
_cLIBROS
945 _aachl